Kointegračný prístup k modelovaniu vývoja ceny bývania v SR
Analýza vývoja modelovania vývoja reálnej priemernej ceny bývania v podmienkach SR.
Salvato in:
| Autore principale: | |
|---|---|
| Altri autori: | |
| Natura: | Capitolo di libro |
| Lingua: | slovacco |
| Soggetti: | |
| Tags: |
Nessun Tag, puoi essere il primo ad aggiungerne!!
|
MARC
| LEADER | 00000naa a2200000 4500 | ||
|---|---|---|---|
| 001 | 0184719 | ||
| 005 | 20220426131003.3 | ||
| 041 | 0 | |a slo | |
| 044 | |a SK | ||
| 245 | 1 | 0 | |a Kointegračný prístup k modelovaniu vývoja ceny bývania v SR |c Ján Haluška, Mikuláš Cár |
| 520 | |a Analýza vývoja modelovania vývoja reálnej priemernej ceny bývania v podmienkach SR. | ||
| 610 | 2 | 0 | |a štatistika matematická |
| 610 | 2 | 0 | |a rady časové |
| 610 | 2 | 0 | |a vývoj cenový |
| 610 | 2 | 0 | |a Slovensko |
| 610 | 2 | 0 | |a bývanie |
| 100 | 1 | |a Haluška, Ján | |
| 700 | 1 | |a Cár, Mikuláš | |